000 00416nam a22001697a 4500
020 _a978-81-318-0149-9
082 _a542
_bVER/C
100 _aVERMA, N.K
100 _aVERMANI, B.K
100 _aVERMA, NEERA
245 _aCOMPREHENSIVE PRACTICAL CHEMISTRY
_bFOR CLASS XI
250 _aNEW EDITION
260 _aDELHI
_bLAXMI PUBLICATIONS
300 _a179
650 _aCHEMISTRY PRACTICALS
_zINDIA
942 _cBK
999 _c1391
_d1391